| 000 | 00543nam a2200121Ia 4500 | ||
|---|---|---|---|
| 008 | 171212s9999 xx 000 0 und d | ||
| 020 | _a9780874212259 | ||
| 245 |
_ceditor Tuleja, Tad _aUsable Pasts _bTraditions and Group Expressions in North America |
||
| 260 |
_bUniversity Press of Colorado _c1997 |
||
| 650 | _aMinorities -- United States -- Social life and customs; Minorities -- Canada -- Social life and customs; Ethnology -- United States; Ethnology -- Canada | ||
| 650 | _aSociology | ||
| 856 | _uwww.jstor.org/stable/10.2307/j.ctt46nrkh | ||
| 999 |
_c353186 _d353186 |
||